Riconosci la lingua dalla frase - Statistics

Statistiche generali
  • Questo quiz è stato fatto 121 volte
  • Il punteggio medio è 12 su 20
Statistiche sulle risposte
FRASE LINGUA % Corretto
Hi, I'm a 19 year old boy and I live in a small town. Inglese
99%
Ciao, sono un ragazzo di 19 anni e vivo in un piccolo paese. Italiano
99%
Bonjour, je suis un garçon de 19 ans et je vis dans une petite ville. Francese
95%
Hola, soy un chico de 19 años y vivo en un pueblo pequeño. Spagnolo
94%
Hallo, ich bin ein 19-jähriger Junge und lebe in einer Kleinstadt. Tedesco
94%
Olá, sou um garoto de 19 anos e moro em uma cidade pequena. Portoghese
90%
Γεια σας, είμαι ένα αγόρι 19 ετών και ζω σε μια μικρή πόλη. Greco
82%
안녕하세요, 저는 19살 남자이고 작은 마을에 살고 있습니다. Coreano
79%
Hei, jeg er en gutt på 19 år og bor i en liten by. Norvegese
63%
Hoi, ik ben een 19-jarige jongen en ik woon in een klein stadje. Olandese
62%
Merhaba, ben 19 yaşında bir gencim ve küçük bir kasabada yaşıyorum. Turco
60%
שלום, אני נער בן 19 ואני Ebraico
55%
Sziasztok, egy 19 éves fiú vagyok és egy kisvárosban élek. Ungherese
50%
Përshëndetje, jam një djalë 19 vjeç dhe jetoj në një qytet të vogël. Albanese
44%
Bok, imam 19 godina i živim u malom gradu. Croato
34%
Здравейте, аз съм 19-годишно момче и живея в малък град. Bulgaro
33%
سلام، من یک پسر ۱۹ ساله هستم و در یک شهر کوچک زندگی می‌کنم. Persiano
30%
สวัสดี ฉันเป็นเด็กชายอายุ 19 ปีและอาศัยอยู่ในเมืองเล็กๆ Thailandese
27%
សួស្តី ខ្ញុំជាក្មេងប្រុសអាយុ 19 ឆ្នាំ ហើយខ្ញុំរស់នៅក្នុងទីក្រុងតូចមួយ។ Khmer
14%
मस्ते, अहं १९ वर्षीयः बालकः अस्मि, अहं लघुनगरे निवसति। Sanscrito
13%
Nessun quiz corrispondente trovato
Distribuzione punteggi
Percentuale di utenti per punteggio
Percentile per numero di risposta
I tuoi punteggi nel tempo
Non hai fatto questo quiz